| 000 | 00858nam a2200277 a 4500 | ||
|---|---|---|---|
| 001 | 70979 | ||
| 003 | BD-RJUL | ||
| 005 | 20211209082050.0 | ||
| 008 | 170423s1972 enka b 001 0 eng d | ||
| 035 | _a(BD-RJUL)71193 | ||
| 040 |
_aDLC _cDLC _dBD-RJUL _beng |
||
| 041 | _aeng | ||
| 082 |
_a536.7 _223 _bELC 1972 |
||
| 100 | 1 |
_aElwell, D. _9210032 |
|
| 245 | 1 | 0 |
_aClassical thermodynamics / _c[by] D. Elwell and A. J. Pointon. |
| 260 |
_aHarmondsworth : _bPenguin, _cc1972. |
||
| 300 |
_a300 p. : _bill. ; _c21 cm. |
||
| 490 | 1 | _aPenguin library of physical sciences. Physics | |
| 500 | _aPenguin Education. | ||
| 504 | _aBibliography: p. 295-296. | ||
| 650 | 0 |
_aThermodynamics. _9210033 |
|
| 700 | 1 |
_aPointon, Anthony J., _d1932- _9210034 |
|
| 830 | 0 |
_aPenguin library of physical sciences. Physics _9210035 |
|
| 942 |
_2ddc _cBK |
||
| 999 |
_c70979 _d70979 |
||